000 00528nam a2200193Ia 4500
005 20250923145122.0
008 008 250917s9999 xx 000 0 eng d
037 _aReference
040 _aDSWL
_beng
_cDSWL
041 _aeng
_2eng
084 _qDSWL
245 0 _aLegislative and administrative series Vol-II-1950 Social Defense
_cby United Nations
260 _bUnited Nations Publications
_c1953
300 _aiv,95 p.
365 _aUSD
_b1
925 _g1
942 _cREF
999 _c1447367
_d1447367